[Event "TUR-chT 1st League"]
[Site "Konya"]
[Date "2019.07.22"]
[Round "1.8"]
[White "Gok, Fatih"]
[Black "Portakalci, Yusuf"]
[Result "1-0"]
[WhiteElo "1941"]
[BlackElo "1764"]
[PlyCount "119"]
[EventDate "2019.07.22"]
[EventType "team-swiss"]
[EventRounds "9"]
[EventCountry "TUR"]
[SourceTitle "CBM 191 Extra"]
[Source "ChessBase"]
[SourceDate "2019.09.30"]
[SourceVersion "1"]
[SourceVersionDate "2019.09.30"]
[SourceQuality "1"]
[WhiteTeam "Genc Akademisyenler"]
[BlackTeam "Istanbul Teknik Uni"]
[WhiteTeamCountry "TUR"]
[BlackTeamCountry "TUR"]

1. e4 e6 2. d4 d5 3. exd5 exd5 4. Bd3 Nf6 5. Nf3 Bd6 6. 0-0 0-0 7. Re1 Bg4 8. Bg5 c6 9. Nbd2 Nbd7 10. c3 Qc7 11. Qc2 Rfe8 12. Bh4 Bh5 13. Bg3 Bg6 14. Nh4 Nf8 15. Nf5 Bxg3 16. hxg3 Ne6 17. Nf3 c5 18. dxc5 Nxc5 19. N3h4 Nce4 20. Rad1 a6 21. c4 Nc5 22. cxd5 Nxd5 23. Rxe8+ Rxe8 24. Bc4 Nf6 25. Nxg6 hxg6 26. Nd6 Rf8 27. b4 Ne6 28. Qb3 Ng5 29. Qe3 Nge4 30. Bxf7+ Rxf7 31. Nxe4 Nxe4 32. Qxe4 Qb6 33. Rd4 Qf6 34. Rd2 Rf8 35. Qxb7 Re8 36. Qd5+ Kh7 37. Qd4 Qf5 38. Rd1 Qc2 39. Qh4+ Kg8 40. Rd8 Rxd8 41. Qxd8+ Kh7 42. Qa5 Kh6 43. a3 Qd3 44. Kh2 Qe2 45. a4 g5 46. Qf5 Qd1 47. Qh3+ Kg6 48. Qe6+ Kh7 49. Qf5+ Kh6 50. a5 Qe2 51. Qh3+ Kg6 52. Qc8 Qh5+ 53. Qh3 Qe2 54. g4 Qxf2 55. Qd3+ Kh6 56. Qxa6+ Kh7 57. Qd3+ g6 58. b5 Qf4+ 59. Qg3 Qb4 60. b6 1-0